00702nai a2200181Ia 4500003000900000008004100009022002300050040001600073245006800089260008600157310001400243362003400257521006900291650001500360650002000375650003500395856009000430IN-BaIIA211028c9999 xx s 000 0 eng d a2168-2968 (Online) cIIA Library 0aTransactions of the IRE Professional Group on Audioh[eJournal] aNew York, USAbThe Institute of Electrical and Electronics Engineers, Inc. (IEEE) aBimonthly aAU-1(1); 1953 - AU-3(1); 1955 bSubscribed through National Knowledge Resource Consortium (NKRC) a Aerospace a Transportation aSignal Processing and Analysis uhttps://ieeexplore.ieee.org/servlet/opac?punumber=8340yClick Here to Access eJournal